000 01004cam a2200265 a 4500
001 2439340
005 20250310124332.0
008 881223s1989 cauc 001 0 eng
020 _a1555421520 (alk. paper)
050 0 0 _aHM141
_b.B434 1989
082 0 0 _a303.3/4
_219
100 1 _aBennis, Warren G.
245 1 0 _aWhy leaders can't lead :
_bthe unconscious conspiracy continues /
_cWarren Bennis.
250 _a1st ed.
260 _aSan Francisco :
_bJossey-Bass Publishers,
_c1989.
300 _axix, 169 p. :
_bport. ;
_c24 cm.
440 4 _aThe Jossey-Bass management series
500 _aIncludes index.
650 0 _aLeadership.
650 0 _aSocial change.
856 4 _3Table of Contents
_uhttp://www.loc.gov/catdir/toc/onix06/88046091.html
856 4 2 _3Contributor biographical information
_uhttp://www.loc.gov/catdir/enhancements/fy0707/88046091-b.html
856 4 2 _3Publisher description
_uhttp://www.loc.gov/catdir/enhancements/fy0707/88046091-d.html
942 _2lcc
_cBK
_e1st Ed.
_n0
999 _c4645
_d4645